00470nam a2200193 a 4500001001300000003000900013005001700022008004100039020001200080082001500092100001500107245001800122260004200140300000900182500003500191505001000226650002500236700001500261nice12345678IN_TiNIC20260116011917.0050524s1953 losa grp 000 0 eng  ac149.500a291.4bVET aVett, Carl aDervish Diary aLos AngelesbK U N D K Mogensenc1953 a193p aincludes index and biblioraphy2 aIndex aMysticism-Psychology1 aVett, Carl